header

The future of state-owned financial institutions (Record no. 54544)

MARC details
000 -LEADER
fixed length control field 01709nam a2200349Ia 4500
082 04 - DEWEY DECIMAL CLASSIFICATION NUMBER
Classification number 332.1
245 04 - TITLE STATEMENT
Title The future of state-owned financial institutions
260 ## - PUBLICATION, DISTRIBUTION, ETC. (IMPRINT)
Place of publication Washington, D.C. :
Name of publisher Brookings Institution Press,
Year of publication c2004.
300 ## - PHYSICAL DESCRIPTION
Number of Pages x, 382 p. :
Other physical details ill.
500 ## - GENERAL NOTE
General note "This book is based on the sixth annual financial markets and development conference held April 26-27, 2004, in Washington, D.C."--P. [ii].
520 ## - SUMMARY, ETC.
Summary, etc "Focuses on the rationale and performance of state-owned financial institutions in emerging markets, as well as on possible government policies for either privatizing or managing them"--Provided by publisher.
650 #0 - SUBJECT ADDED ENTRY--TOPICAL TERM
Topical Term Banks and banking
Topical Term Financial institutions
Topical Term Privatization
700 1# - ADDED ENTRY--PERSONAL NAME
Personal name Caprio, Gerard.
856 40 - ELECTRONIC LOCATION AND ACCESS
Uniform Resource Identifier http://site.ebrary.com/lib/rucke/Doc?id=10078500

No items available.

© 2026 Rongo University
Contact us: librarian | system librarian | Rongo university